000 00490cam a2200193 4500
001 D7089
008 090401t1979 xxu||||| |||| 00| 0 eng d
035 _a(Sirsi) u5119
041 _aeng
050 _a549.66
100 _aMichaels, L (ed)
245 _aAsbestos: properties, applications, and hazards, Volume 1
260 _aChichester
_bJohn Wiley and Sons
_c1979
300 _axi. 553p. 23cm
350 _a25
700 _aChissick, S.S (ed)
942 _n0
948 _c04/03/1997
999 _c86122
_d86122